1815 1882 1213 1579 1522 1100 1501 1165 1994 1604 1297 1511 1795 1447 1126 1983 1146 1133 1766 1557 1184 1197 1802 1653 1874 1128 1829 1470 1005 1187 1753 1073 1033 1258 1918 1085 1473 1788 1646 1070 1697 1689 1839 1149 1076 1976 1505 1728 1254 1337 1802 1275 1706 1550 1504 1870 1820 1727 1718 1502 1211 1623 1526 1255 1337 1953 1013 1414 1291 1070 1585 1996 1500 1062 1598 1012 1041 1526 1987 1347 1373 1462 1529 1106 1841 1615 1117 1829 1332 1835 1455 1741 1483 1062 1048 1793 1711 1809 1131 BCNSPRNW ULIB Ver.6.0+V

เปลี่ยนเป็นภาษาไทย

Change to English
 แสดงรายละเอียดบรรณานุกรม
  กลับหน้าหลัก

Brief Record : Get Marc (ISO 2709) : E-mail record : QR code < ปิดหน้าต่าง
LEADER : 00000nam 2200000uu 4500
001    13399113463
003     ULIB
008    111121s2553||||th 000 0 tha d
020    ^a9786167057262
090    ^aนว.^bร321จ 2553
100 0  ^aรัชริล
245 00 ^aจำเลยรักจอมแดนเถื่อน/^cรัชริล
250    ^aพิมพ์ครั้งที่ 1
260    ^aกรุงเทพฯ :^bแสงทองพริ้นติ้ง จำกัด,^c2553
300    ^a336 หน้า
710 1  ^aแสงทองพริ้นติ้ง
945    ^p230^l0^i17084
995    ^aกัณชพร
999    ^aใช้งานได้ทุกระบบ
รายการนี้ยังไม่มีแท็ก
คุณยังไม่ได้ล็อกอิน คุณสามารถมีกิจกรรมร่วมกับเว็บไซต์ได้ แต่ต้องล็อกอินก่อน ::
  ล็อกอิน

รายการสื่อสารสนเทศ

ลำดับที่ ประเภท เลขเรียก/บาร์โค้ด สถานที่ สถานะ
1. วิทยาศาสตร์การแพทย์ และสุขภาพ
วิทยาศาสตร์การแพทย์ และสุขภาพ
นว. ร321จ 2553  
  Barcode: 17084
ห้องสมุดวิทยาเขตสวรรค์ประชารักษ์
►นวนิยาย
บนชั้น
  ขอยืม

BibComment


ยังไม่เคยถูกคอมเมนท์

คอมเมนท์ทรัพยากรรายการนี้
  คอมเมนท์: จำเลยรักจอมแดนเถ..


 Copyright 2026. Bcnsprnw @Library